10 najpopularniejszych dystrybucji Linuxa według ChatGPT - Statystyki

Ogólne statystyki
  • Ten quiz został rozwiązany 19 razy
  • Średni wynik to 6 z 10
Statystyki odpowiedzi
Miejsce w rankingu Distro % Poprawnych
1. Ubuntu
94%
3. Linux Mint
88%
2. Debian
82%
4. Arch Linux
76%
5. Fedora
76%
7. openSUSE
47%
9. Kali Linux
41%
8. Pop!_OS
41%
10. Zorin OS
35%
6. Manjaro
24%
Nie znaleziono quizów pasujących do podanych kryteriów
Rozkład punktacji
Procent ludzi z każdym wynikiem
Percentyl według liczby udzielonych odpowiedzi
Twoja historia wyników
Nie rozwiązałeś tego quizu